[Event "Sebinhoo Invitational 2020"]
[Site "Online"]
[Date "2020.12.22"]
[Round "3.1"]
[White "Van Foreest, Jorden"]
[Black "Larino Nieto, David"]
[Result "0-1"]
[WhiteElo "2671"]
[BlackElo "2461"]
[Annotator "TA"]
[PlyCount "70"]
[EventDate "2020.12.22"]
[EventType "tourn"]
[EventCountry "NET"]
[SourceTitle "playchess.com"]
[Source "ChessBase"]
[SourceQuality "1"]

{[%evp 9,70,-22,16,6,42,0,-6,-11,0,0,36,35,39,39,38,31,36,32,39,39,48,47,33,64,92,-33,-20,-22,-14,-22,-27,-33,160,110,91,23,56,74,50,14,0,4,0,0,194,187,177,-112,-137,-411,81,79,84,80,87,0,0,-765,-815,-29997,-29998,-29998,-29999]} 1. e4 c6 2. h4 d5 3. e5 c5 4. c3 Nc6 5. d4 cxd4 6. cxd4 {B10: Caro-Kann: 2 d3 and 2 c4.} Qb6 7. Ne2 Bf5 8. Nbc3 {The position is equal.} e6 9. a3 h6 10. b4 Nge7 11. Be3 Bh7 {[#]} 12. Na4 $146 ({Predecessor:} 12. g4 Nc8 13. Ng3 a6 14. Bd3 Bxd3 15. Qxd3 Be7 16. f4 N8a7 17. f5 O-O-O 18. h5 {0-1 (34) Gattermayer,R (2004)-Savio,A (2035) Austria 2013}) 12... Qc7 13. Rc1 Nf5 14. Bf4 Qd8 15. h5 $1 Be7 16. Nc5 O-O 17. Rh3 (17. Nxb7 $16 Qb6 18. Nc5) 17... Bxc5 $15 18. Rxc5 f6 $1 19. Qd2 fxe5 20. dxe5 a5 $2 (20... Qe7 $15 {keeps the upper hand.}) 21. b5 $16 Qb6 22. Rhc3 ({Not} 22. bxc6 Qxc5 23. g4 (23. cxb7 Rab8 $17) 23... Ne7 $17) (22. Qc3 $16 d4 23. Qc1) 22... Nce7 23. g4 d4 24. Rc1 Nh4 {[#] Hoping for ...Nf3+.} 25. Ng1 $1 {aiming for Bg3.} ({Avoid the trap} 25. Nxd4 $2 Rad8 $19) 25... Nd5 26. Bg3 Nf3+ $2 (26... Qd8 $11) 27. Nxf3 $18 Rxf3 28. Bg2 $2 (28. Qxd4 $18 Qd8 29. Bc4) 28... Rc3 $1 $36 {[%mdl 2048] Black has strong initiative.} 29. R1xc3 $4 {[%mdl 8192]} (29. Rc4 $17 Rf8 30. Bxd5) 29... Nxc3 $2 (29... dxc3 $19 30. Rxc3 Nxc3 31. Qxc3 Qxb5) 30. Qxd4 $16 Na4 31. Rc4 ({But not} 31. Qxa4 $2 Qxc5 32. Qd1 Qxa3 $19) 31... Qxb5 {[#]} 32. Rxa4 (32. Rc7 $1 $16) 32... Rc8 $1 $11 {And now ...Qb1+ would win.} 33. Be4 $2 {[%mdl 8192]} (33. Bf3 $11) 33... Bxe4 $19 34. Kd2 Rc2+ 35. Ke3 Qe2+ {[%mdl 64] Double Attack.  Weighted Error Value: White=0.82/Black=0.43} 0-1

[Event "Sebinhoo Invitational 2020"]
[Site "Online"]
[Date "2020.12.22"]
[Round "3.2"]
[White "Christiansen, Johan-Sebastian"]
[Black "Pichot, Alan"]
[Result "0-1"]
[WhiteElo "2610"]
[BlackElo "2630"]
[Annotator "TA"]
[PlyCount "88"]
[EventDate "2020.12.22"]
[EventType "tourn"]
[EventCountry "NET"]
[SourceTitle "playchess.com"]
[Source "ChessBase"]
[SourceQuality "1"]

{[%evp 11,88,33,48,22,44,44,45,41,31,0,0,-7,48,7,0,-44,-41,-52,-24,-40,0,0,0,0,0,0,0,6,22,0,0,-29,-39,-67,-69,-165,-166,-230,-79,-69,0,0,0,-7,-5,-126,0,-144,-149,-498,-502,-599,-614,-1156,-1151,-1145,-1127,-1126,-1360,-1338,-1298,-1334,-1339,-1297,-1277,-1551,-1570,-1682,-1642,-3340,-3151,-6085,-9521,-12386,-12058,-29956,-12137,-5022,-2305]} 1. e4 c5 2. Nc3 Nc6 3. Nf3 e6 4. d4 cxd4 5. Nxd4 Qc7 6. Be3 a6 7. Qf3 {B48: Sicilian: Taimanov: 5 Nc3 Qc7 6 Be3 a6 without Be2.} Ne5 8. Qg3 h5 9. Bf4 {White is slightly better. 9.f4 is a critical line.} d6 10. O-O-O h4 $1 {[%cal Rh4g3]} 11. Qe3 {[#]} Nf6 $146 ({Better is} 11... Be7 $11) ({Predecessor:} 11... Bd7 12. h3 b5 13. a3 Rb8 14. Bh2 Be7 15. f4 Nc4 16. Bxc4 bxc4 17. f5 Qb6 18. fxe6 fxe6 {0-1 (38) Pulkkinen,K (2242)-Fenil,S (2412) Riga 2018}) 12. h3 b5 13. Bxb5+ axb5 14. Ndxb5 Qc6 15. Qd4 $1 Be7 16. Nxd6+ Qxd6 17. Qxd6 Bxd6 18. Rxd6 Ng6 $36 {[%mdl 2048] Black is more active.} 19. Be3 Nh5 20. Rhd1 (20. Rg1 {seems wilder.} Ba6 21. a4 O-O 22. b3 Rfb8 23. Kb2) 20... O-O 21. Bc5 Bb7 22. Rb6 Rfc8 23. Rxb7 (23. Bb4 $15 Bc6 24. f3) 23... Rxc5 $19 24. Rdd7 {[#]} (24. a4 {keeps fighting.}) 24... Ne5 $2 (24... Rg5 $1 $19 {is more deadly.} 25. Ra7 Rb8) 25. Rdc7 $17 Rca5 ({Black should play} 25... Rxc7 $15 26. Rxc7 Nf4) 26. b4 Ra3 27. b5 Nf4 {White should prevent ...g5.} 28. b6 {[#]} (28. g3 $1 $11 {was the only way to keep the balance.} Nxh3 29. gxh4) 28... Nxg2 (28... g5 $1 $17 29. Nd1 Rxa2) 29. Ra7 (29. Ne2 $1 $11) 29... R3xa7 30. bxa7 $4 {[%mdl 8192] This move loses the game for White.} (30. Rxa7 $17 {nothing else works.} Rb8 31. b7) 30... Nf4 $19 31. Nb5 Nxh3 32. Rc5 f6 33. Kd2 Nxf2 {Threatens to win with ...h3.} 34. Ke3 Nfg4+ 35. Ke2 h3 36. Rc3 h2 37. Rh3 g5 38. a4 Ng6 {Strongly threatening ...Nf4+.} 39. Rxh2 Nxh2 40. c4 Ne5 41. c5 g4 42. Kf2 Nhf3 43. Kg3 Nd2 44. Kf4 {[#]} g3 $1 {Weighted Error Value: White=0.68/Black=0.21} 0-1

[Event "Sebinhoo Invitational 2020"]
[Site "Online"]
[Date "2020.12.22"]
[Round "3.3"]
[White "Bachmann, Axel"]
[Black "Tari, Aryan"]
[Result "1-0"]
[WhiteElo "2599"]
[BlackElo "2618"]
[Annotator "TA"]
[PlyCount "77"]
[EventDate "2020.12.22"]
[EventType "tourn"]
[EventCountry "NET"]
[SourceTitle "playchess.com"]
[Source "ChessBase"]
[SourceQuality "1"]

{[%evp 25,77,0,25,-17,8,1,13,0,10,1,38,50,34,47,64,81,123,8,157,161,150,163,161,168,147,150,203,185,215,144,173,0,205,192,177,47,22,0,177,166,150,66,312,307,283,284,341,239,233,252,303,300,804,791]} 1. c4 g6 2. Nc3 c5 3. g3 Bg7 4. Bg2 Nc6 {[%cal Bb8c6,Bc6d4,Bd4b3][%mdl 32]} 5. d3 e6 6. e4 Nge7 7. Nge2 d6 8. O-O O-O 9. Be3 Nd4 10. Rb1 Nec6 11. a3 a5 12. Qd2 $5 {[%mdl 4] A promising side line.} Nb3 13. Qd1 Nbd4 14. h3 {A36: Symmetrical English vs ...g6: 4 Bg2 Bg7.} f5 15. f4 Bd7 {[#]} 16. Nb5 $146 {The position is equal.} ({Predecessor:} 16. Kh2 Rb8 17. Nb5 Nxe2 18. Qxe2 Nd4 19. Bxd4 Bxd4 20. Nxd6 Ba4 21. e5 b5 22. b3 b4 23. bxa4 Rb6 24. Nb5 {1-0 (33) Stoeckmann,H (2142)-Chilla,J (1851) Unna 2007}) 16... Nxb5 (16... fxe4 {is interesting.} 17. dxe4 e5 18. Bxd4 cxd4 19. Nxd6 Bxh3 20. c5 Qd7) 17. cxb5 Nd4 (17... Ne7 {is more complex.} 18. a4 Rc8 19. Qb3 b6 20. Rbc1 Be8) 18. Bxd4 cxd4 19. exf5 {[%mdl 64] Discovered Attack} gxf5 20. Bxb7 Bxb5 21. Qb3 ({White must play} 21. Bxa8 $16 Qxa8 22. a4) 21... Bd7 (21... Rb8 $1 $11 22. Qxb5 Rf7) 22. Bxa8 $16 Qxa8 23. Rbc1 Rb8 24. Qc2 $1 Qd5 25. Qc7 Rb7 26. Qd8+ Bf8 27. Qg5+ Bg7 28. Qd8+ Bf8 $1 {[#]} 29. Rf2 $1 Bc6 {[#] ( -> ...Qh1#)} 30. Rxc6 (30. Kh2 $1 $18) 30... Qxc6 $14 31. Nxd4 $40 {[%mdl 128] White mounts an attack.} Qd5 $2 (31... Qc1+ $11 32. Kg2 Rxb2) 32. Qc8 Re7 33. Qc4 (33. Nc6 $16 Rf7 34. Rg2) 33... Qb7 $2 {Black cannot hold the game after this.} (33... Qxc4 $14 34. dxc4 a4) 34. Nxf5 $1 $18 {[%mdl 64] Double Attack} ({Avoid the trap} 34. Nxe6 $2 d5 $19) 34... Re8 35. Nd4 d5 36. Qc6 Qxc6 37. Nxc6 Rc8 38. Rc2 {Black must now prevent Ne7+!} ({Not} 38. Nxa5 Bc5 $11) 38... a4 $2 {[#]} (38... Rc7 39. b4 axb4) 39. Ne7+ $1 {[%mdl 576] Discovered Attack.  Weighted Error Value: White=0.39/Black=0.49} 1-0

[Event "Sebinhoo Invitational 2020"]
[Site "Online"]
[Date "2020.12.22"]
[Round "3.4"]
[White "Bartel, Mateusz"]
[Black "Shankland, Sam"]
[Result "0-1"]
[WhiteElo "2638"]
[BlackElo "2691"]
[Annotator "TA"]
[PlyCount "80"]
[EventDate "2020.12.22"]
[EventType "tourn"]
[EventCountry "NET"]
[SourceTitle "playchess.com"]
[Source "ChessBase"]
[SourceQuality "1"]

{[%evp 12,80,38,39,33,0,0,-31,0,0,0,-40,-59,-60,0,0,106,94,95,103,97,84,99,86,87,86,90,69,81,57,47,45,52,-21,-27,-23,-37,-45,-43,-16,-44,-157,-83,-139,-141,-135,-137,-124,-133,-252,-251,-255,-254,-275,-267,-224,-232,-264,-188,-676,-678,-735,-702,-6179,-6179,-6170,-6083,-5357,-5331,-2514,-2022]} 1. e4 c5 2. Nf3 d6 3. Nc3 Nc6 4. d4 cxd4 5. Nxd4 Nf6 6. Qd3 e6 7. Bg5 Be7 {B62: Sicilian: Richter-Rauzer: 6...e6: Unusual White 7th moves.} 8. Nxc6 bxc6 9. O-O-O O-O {Black is slightly better.} 10. h4 Rb8 {[#]} 11. f4 $146 ({Predecessor:} 11. Qg3 Qb6 12. b3 Nh5 13. Qe3 Nf6 14. Kb2 Qxe3 15. Bxe3 a5 16. f3 Nh5 17. Ba7 {½-½ (47) Yoshino,T (1830)-Hassell,G (2056) ICCF email 2014}) 11... Qa5 12. Be2 Rb6 (12... Re8 $15) 13. Qe3 Ba6 (13... d5 $11 {keeps the balance.}) 14. Rd4 {Hoping for Ra4.} Bxe2 15. Ra4 Qc5 16. Qxc5 dxc5 17. Nxe2 Rb7 18. Nc3 Rd8 19. Rd1 Rxd1+ 20. Kxd1 (20. Nxd1 {is more complex.} h6 21. Bxf6 Bxf6 22. g3 g5 23. e5) 20... h6 21. Bxf6 Bxf6 $14 {[%mdl 4096] Endgame KRB-KRN} 22. e5 (22. h5 $14) 22... Bxh4 $11 23. b3 Rb4 24. Ke2 Bg3 25. Rxa7 {aiming for Kf3.} Rxf4 26. a4 {Black converts the advantage convincingly.} (26. Nd1 $15) 26... c4 (26... Rf2+ $142 27. Kd3 Bxe5) 27. a5 (27. Nd1 $142) 27... Rf2+ $17 {[%mdl 64] [#] Double Attack, Discovered Attack} 28. Kd1 cxb3 29. cxb3 Bxe5 30. Na4 (30. Ne2 $17 {was worth a try.}) 30... Rxg2 $19 31. Rd7 {Black must now prevent a6.} Bh2 32. Nc3 Bg1 33. Ne2 h5 34. a6 h4 {Threatens to win with ...h3.} 35. Ke1 $2 (35. Nxg1 Rxg1+ 36. Ke2) 35... h3 {Strongly threatening ...h2.Black is clearly winning.} ({Not} 35... Bf2+ 36. Kf1 $17) 36. Kf1 Be3 37. Rd3 Rf2+ 38. Ke1 h2 39. Ng3 Rg2 40. Rxe3 {[#]} Rxg3 $1 {[%mdl 576] Remove Defender, Promotion.  Weighted Error Value: White=0.58/Black=0.14} 0-1

[Event "Sebinhoo Invitational 2020"]
[Site "Online"]
[Date "2020.12.22"]
[Round "4.1"]
[White "Larino Nieto, David"]
[Black "Shankland, Sam"]
[Result "1/2-1/2"]
[WhiteElo "2461"]
[BlackElo "2691"]
[Annotator "TA"]
[PlyCount "99"]
[EventDate "2020.12.22"]
[EventType "tourn"]
[EventCountry "NET"]
[SourceTitle "playchess.com"]
[Source "ChessBase"]
[SourceQuality "1"]

{[%evp 20,99,12,2,7,0,4,0,0,-19,-15,-44,-42,-71,-18,-64,-45,-126,-68,-170,-187,-164,-64,-100,-107,-203,-198,-190,-129,-371,-381,-486,-135,-140,-134,-275,187,0,0,-7,973,16,0,-10,5465,0,441,-17,-14,-14,-12,-31,-31,-75,-76,-75,-67,-80,-60,-56,-11,-21,-11,-11,-11,-79,-28,-28,0,0,0,-32,0,0,0,0,0,0,0,0,0,0]} 1. Nf3 d5 2. b3 Bf5 3. Bb2 e6 4. d3 Nf6 5. Nbd2 h6 6. g3 Be7 7. Bg2 O-O 8. O-O c6 9. Re1 Bh7 10. e4 a5 11. a3 Nbd7 {A07: Réti Opening: New York and Capablanca Systems.} 12. Qe2 {[#]} Rc8 $146 ({Predecessor:} 12... Qb6 13. e5 Ne8 14. h4 a4 15. b4 c5 16. Bc3 Nc7 17. bxc5 Bxc5 18. d4 Be7 {½-½ (58) Radjabov,T (2765)-Ding,L (2791) chess24.com INT 2020}) 13. h4 b5 14. Bh3 Qb6 15. Kg2 dxe4 16. dxe4 Nc5 (16... Rfd8 $17) 17. e5 Nd5 18. Bd4 (18. Rec1 $15) 18... Qb8 (18... Bxc2 $17 19. Rac1 Bd3 20. Bxc5 Bxe2 21. Bxb6 Bxf3+ 22. Nxf3 Nxb6) 19. Bxc5 ({Better is} 19. Kg1 $15) 19... Bxc5 $19 20. Ne4 {[#]} Be7 (20... Ne3+ $1 $19 {[%mdl 512]} 21. Kh2 (21. fxe3 Bxe4) 21... Bxe4 22. fxe3 Bxf3 23. Qxf3 Qxe5) 21. Rh1 Rfd8 22. Rae1 (22. Rhc1 $17) 22... Bxa3 23. c4 Nb4 (23... bxc4 $19 24. bxc4 Bxe4 25. Qxe4 Nc3) 24. Nf6+ $2 (24. Ra1 $17 Bb2 25. Nf6+ gxf6 26. Qxb2) 24... gxf6 25. exf6 {Hoping for Ne5.} Nc2 $2 (25... Nd3 $19 {and Black stays clearly on top.} 26. Bxe6 fxe6) 26. Ne5 $17 {Strongly threatening Qg4+.} Rd4 $1 27. Qh5 (27. Nxf7 $17 {was the only defense.} Nxe1+ 28. Rxe1) 27... Qc7 $4 {[%mdl 8192]} (27... Nxe1+ $19 {avoids the disaster.} 28. Rxe1 Rc7) 28. Nxf7 $2 (28. Re2 $18) 28... Nxe1+ $11 ({Don't go for} 28... Qxf7 $2 29. Bxe6 Nxe1+ 30. Rxe1 $18) 29. Rxe1 Re4 $2 {[%mdl 8192] [#]} ({Wrong is} 29... Qxf7 $2 30. Bxe6 Rc7 31. Bxf7+ (31. Qxf7+ $2 {loses.} Rxf7 32. f3 Rd2+ 33. Kh3 Kf8 $19) 31... Rxf7 32. Re8+ Bf8 33. Qxh6 $18) (29... Rf8 $11 30. Nxh6+ Kh8 31. Bxe6 Rxf6) 30. Nxh6+ $2 ({White must play} 30. Bxe6 $1 $18 {[%mdl 512]} Rxe6 31. Nxh6+ Kh8 32. Rxe6) 30... Kf8 31. Rd1 Bb2 $2 {[%mdl 8192]} (31... a4 $11 32. Ng4 Qf7 33. Qh6+ Ke8) 32. Ng4 $2 ({Only move:} 32. Qc5+ $18 Ke8 33. f7+ Qxf7 34. Nxf7) 32... Rxg4 $4 {[%mdl 8192] [#]} (32... bxc4 $11 {and Black stays safe.} 33. f3 Rd4) 33. Bxg4 $2 (33. Qh6+ $1 $18 Kg8 34. Bxg4 Be4+ 35. Kg1) 33... Bxf6 34. Bxe6 Rd8 $1 {[%cal Rd8d1] ...Rxd1 is the strong threat.} 35. Rxd8+ Bxd8 36. Qh6+ Qg7 37. Qf4+ Qf6 38. Qd6+ {[%mdl 64] [#] Double Attack} Be7 $1 39. Qxc6 bxc4 (39... b4 $5 {[%cal Ra5a4]} 40. Qa8+ Kg7 $11) 40. Qc8+ Kg7 41. Qxc4 Qe5 42. Qg4+ (42. Bd5 $11) 42... Kh8 (42... Kh6 $17) 43. Bc4 Bc5 44. Qc8+ Kg7 45. Qg4+ Bg6 46. Qd7+ {The position is equal.} Kh6 {And now ...Qe4+ would win.} 47. Qd2+ Kg7 48. Qd7+ Kh6 {White must now prevent ...Qe4+.} 49. Qd2+ Kg7 50. Qd7+ {Weighted Error Value: White=0.92/Black=0.63} 1/2-1/2

[Event "Sebinhoo Invitational 2020"]
[Site "Online"]
[Date "2020.12.22"]
[Round "4.2"]
[White "Tari, Aryan"]
[Black "Bartel, Mateusz"]
[Result "0-1"]
[WhiteElo "2618"]
[BlackElo "2638"]
[Annotator "TA"]
[PlyCount "100"]
[EventDate "2020.12.22"]
[EventType "tourn"]
[EventCountry "NET"]
[SourceTitle "playchess.com"]
[Source "ChessBase"]
[SourceQuality "1"]

{[%evp 9,100,8,8,8,23,16,39,-47,-13,-63,-65,-119,-120,-127,-145,-132,-131,-285,-292,-295,-297,-341,-300,-406,-401,-400,-389,-398,-389,-461,-460,-445,-460,-456,-446,-447,-414,-435,-425,-470,-469,-464,-438,-452,-476,-557,-429,-474,-463,-472,-464,-450,-450,-489,-430,-407,-387,-416,-383,-386,-395,-432,-426,-713,-711,-721,-720,-708,-708,-711,-713,-761,-760,-739,-711,-786,-764,-772,-828,-830,-800,-812,-806,-2519,-777,-1049,-1033,-1374,-1331,-1241,-1239,-980,-934]} 1. e4 Nf6 2. e5 Nd5 3. d4 d6 4. Nf3 Bf5 5. Bc4 e6 6. O-O {B04: Alekhine's Defence: 4 Nf3.} Nb6 {[#]} 7. Bb5+ $146 ({Predecessor:} 7. Bb3 Bg4 8. h3 Bh5 9. exd6 cxd6 10. Re1 Be7 11. Nbd2 Nc6 12. c3 O-O 13. Nf1 {½-½ (34) Barreto,I (2101)-Da Silva,J (1936) Sao Paulo 2019}) 7... Nc6 8. d5 (8. c4 $14) 8... exd5 9. Nd4 Bd7 10. Re1 (10. exd6 $15 Bxd6 11. Re1+ Ne7 12. a4) 10... dxe5 $17 11. Bxc6 bxc6 12. Rxe5+ Be7 13. Bg5 $2 (13. Re1 $17 {was worth a try.}) 13... f6 $19 14. Bxf6 gxf6 15. Qh5+ Kf8 16. Qh6+ Kf7 ({Don't do} 16... Kg8 17. Re3 $19) 17. Qh5+ Kg7 18. Re6 {Threatens to win with Nf5+.} Re8 19. Nf5+ Kh8 20. Qf7 {[%csl Gf5][%cal Rf7g7]} Bf8 21. Rxe8 Qxe8 {[%cal Re8e1]} 22. Qxf6+ Kg8 {[%cal Re8e1]} 23. Nd2 Qg6 24. Ne7+ Bxe7 25. Qxe7 Re8 26. Qh4 Qxc2 27. Nf3 Qg6 28. Qf4 Rf8 29. Qe3 Nc4 {[%mdl 64] [#] Double Attack} 30. Qc3 Qg7 31. Qxg7+ Kxg7 32. b3 Nd6 33. Ne5 Be8 34. Rc1 Kf6 35. f4 Ke6 {Black is clearly winning.} 36. Kf2 (36. g3 $142) 36... Rxf4+ 37. Nf3 Ne4+ 38. Ke3 Rf6 39. b4 Kd6 40. Kd4 Rf4 41. Ke3 Rf8 42. Kd4 {[#]} a5 $1 43. a3 (43. bxa5 c5+) 43... axb4 44. axb4 Bd7 45. Ne5 Rb8 46. Rb1 Ng5 47. Nd3 Bf5 48. h4 Ne6+ 49. Ke3 Bxd3 50. Kxd3 Rg8 {Black took control after the opening.  Weighted Error Value: White=0.39/Black=0.10} 0-1

[Event "Sebinhoo Invitational 2020"]
[Site "Online"]
[Date "2020.12.22"]
[Round "4.3"]
[White "Pichot, Alan"]
[Black "Bachmann, Axel"]
[Result "1/2-1/2"]
[WhiteElo "2630"]
[BlackElo "2599"]
[Annotator "TA"]
[PlyCount "67"]
[EventDate "2020.12.22"]
[EventType "tourn"]
[EventCountry "NET"]
[SourceTitle "playchess.com"]
[Source "ChessBase"]
[SourceQuality "1"]

{[%evp 9,67,35,39,0,0,9,10,-1,-15,0,0,-26,-34,-99,-105,-106,-93,-95,-90,-90,-91,-86,-60,-117,-95,-99,-94,-166,-61,-61,-58,-57,-58,-52,-52,-53,-52,-52,-60,-60,-53,-53,-31,-53,-53,-53,-53,-47,-39,-47,-41,-51,-51,-51,-51,-51,-51,-60,-60,-60]} 1. e4 g6 2. d4 Bg7 3. c4 c5 4. Nf3 d6 5. Nc3 Nc6 {[%cal Rc5d4]} 6. dxc5 {A42: Modern Defence: Averbakh Variation.} (6. d5 $5 {[%cal Rd5c6]} Nd4 7. Be2 $11) 6... dxc5 7. Qxd8+ Kxd8 8. Bf4 {The position is equal.} Bxc3+ 9. bxc3 Nf6 10. O-O-O+ (10. e5 $5 {[%cal Re5f6]} Nh5 11. Bh6 $14) 10... Ke8 {[#]} 11. e5 $146 (11. Nd2 $15) ({Predecessor:} 11. Bd3 Bg4 12. Rhe1 Nd7 13. e5 Nb6 14. Be4 Be6 15. Bd5 Nxc4 16. Bxe6 fxe6 17. Ng5 {½-½ (50) Banusz,T (2626)-Dimitrov,R (2530) Benasque 2019}) 11... Ne4 $17 {[%mdl 64] [#] Double Attack} 12. Be3 Nxc3 {[%mdl 64] Double Attack} 13. Rd2 Bf5 14. Kb2 Ne4 15. Rd1 Rd8 16. Be2 (16. Rxd8+ $1 $15 Kxd8 17. h3) 16... f6 17. exf6 exf6 18. Rd5 (18. Nh4 $17) 18... Be6 ({Black should try} 18... Kf7 $19 19. Rhd1 Rhe8) 19. Rxd8+ $15 {Black is slightly better.} Kxd8 20. Bd3 Nd6 21. Bxc5 Nxc4+ 22. Bxc4 Bxc4 23. Rc1 b5 24. a4 Re8 25. axb5 Re2+ (25... Bxb5 {keeps more tension.} 26. Nd4 a6 27. Nxc6+ Bxc6 28. Bb6+ Kd7) 26. Rc2 Rxc2+ 27. Kxc2 Bxb5 {[%mdl 4096] Endgame KBN-KBN} 28. Nd4 Ba4+ 29. Kc3 Kd7 30. Nxc6 Bxc6 31. Bxa7 Bxg2 32. Kd2 Ke6 33. Ke3 Kf5 34. f3 {Weighted Error Value: White=0.12/Black=0.09} 1/2-1/2

[Event "Sebinhoo Invitational 2020"]
[Site "Online"]
[Date "2020.12.22"]
[Round "4.4"]
[White "Van Foreest, Jorden"]
[Black "Christiansen, Johan-Sebastian"]
[Result "0-1"]
[WhiteElo "2671"]
[BlackElo "2610"]
[Annotator "TA"]
[PlyCount "146"]
[EventDate "2020.12.22"]
[EventType "tourn"]
[EventCountry "NET"]
[SourceTitle "playchess.com"]
[Source "ChessBase"]
[SourceQuality "1"]

{[%evp 10,146,22,18,12,29,16,0,44,47,42,48,72,70,84,77,77,83,78,71,79,79,69,67,73,71,78,54,66,37,28,-19,49,42,41,-133,-133,-132,-127,-116,-122,-148,-96,-370,-335,-388,-387,-398,-397,-395,-391,-404,-404,-404,-404,-404,-404,-404,-397,-402,-335,-391,-364,-518,-518,-518,-509,-585,-583,-590,-591,-591,-580,-589,0,-591,-591,-591,-585,-578,-574,-564,-556,-1701,-1566,-29958,-29959,-29948,-29951,-29967,-29964,-29961,-29959,-29959,-29952,-7136,-4610,-5916,-5821,-29960,-29961,-29958,-29947,-29953,-12091,-9027,-8384,-5933,-4956,-6111,-5903,-29968,-29968,-29970,-29970,-29970,-29970,-29972,-29971,-29974,-29972,-29981,-29982,-29984,-29985,-29985,-29986,-29986,-29987,-29987,-29988,-29989,-29990,-29990,-29991,-29991,-29992,-29992,-29993]} 1. d4 Nf6 2. Nf3 c5 3. c3 g6 4. g3 Bg7 5. Bg2 O-O 6. O-O b6 {A49: 1 d4 Nf6 2 Nf3 g6 3 g3: Anti-King's Indian systems.} 7. Ne5 d5 8. Be3 {[#]} Bb7 $146 {The position is equal.} ({Predecessor:} 8... cxd4 9. cxd4 Bb7 10. Nc3 Nc6 11. Nxc6 Bxc6 12. Qd2 Rc8 13. Bh6 e6 14. Bxg7 Kxg7 {½-½ (14) Ptak,P (2120)-Chudinovskikh,A (2238) Prague 2017}) 9. dxc5 Qc7 10. Nd3 $1 e5 11. Na3 Nbd7 {[%cal Rb6c5]} 12. Nb5 Qc6 13. Nd6 {Hoping for Nb4.} bxc5 14. Nxb7 Qxb7 15. Nxc5 Nxc5 16. Bxc5 Rfc8 17. Ba3 e4 18. Qa4 Nd7 19. Rad1 Nb6 20. Qb3 Qa6 (20... Qc6 $1 $11) 21. e3 $14 Rab8 22. Rxd5 $2 (22. Bh3 $14 {stays ahead.} f5 23. Bb4) 22... Nxd5 $17 {Black keeps a firm grip on the game.} 23. Qxd5 {[#]} Bxc3 $1 {[%mdl 512]} 24. Bxe4 (24. bxc3 Qxa3) 24... Bxb2 25. Be7 Re8 (25... Bf6 $142 26. Bd3 Qc6 27. Qxc6 Rxc6) 26. Bh4 $2 {[%mdl 8192]} (26. Qd7 $17) 26... Re5 $19 27. Qc6 Qxc6 28. Bxc6 {White hopes to continue with g4.} g5 29. Bxg5 Rxg5 30. Rd1 Rc5 31. Bd5 Rc1 32. Rxc1 Bxc1 33. Bb3 Rd8 34. Kf1 Rd2 35. Ke1 Kg7 36. h4 (36. Bc4 $142) 36... h5 37. Bc4 a5 38. a4 f6 39. Be2 Ra2 40. Bb5 Rb2 41. Be8 Ra2 42. Bb5 $1 Kf8 43. Bc6 Ke7 44. Kf1 Kd6 45. Be8 Kc5 46. g4 hxg4 47. h5 {[#]} g3 $1 48. fxg3 Bxe3 49. g4 Rf2+ 50. Ke1 Rf4 51. Ke2 Bd4 52. Bd7 Kd6 53. Bc8 Ke5 54. Kd3 Rf3+ 55. Ke2 Kf4 56. Bf5 Bc5 (56... Re3+ $142 57. Kd1 Kg5 58. Kd2 Rb3 59. Bd3 Be5 60. Bf5 Rb4 61. Bc2 Rxg4 62. Ke3 Kxh5 63. Kf3 Kh4 64. Be4 Rf4+ 65. Ke3 Kg3 66. Bb7 f5 67. Bc6 Rc4 68. Be8 f4+ 69. Kd2 f3 70. Bb5 Bf4+ 71. Kd3 f2 72. Kxc4 f1=Q+ 73. Kd5 Qe1 74. Bd7 Qe5+ 75. Kc6 Qd6+ 76. Kb5 Qxd7+ 77. Kc5 Be3+ 78. Kc4 Qd4+ 79. Kb3 Qb4+ 80. Ka2 Bc1 81. Ka1 Qb2#) 57. h6 Rh3 58. h7 Ke5 59. Kf1 Rh2 60. Ke1 Bd4 {Black mates.} 61. Kd1 {Cut Off at move 61} Kd5 62. Ke1 Kc4 63. Kd1 Kb4 64. Bc2 Bb2 65. Ke1 f5 66. Bxf5 Kxa4 67. g5 Kb4 68. Kf1 Bd4 69. Ke1 a4 70. g6 a3 71. Be6 a2 72. Bxa2 Rxa2 73. Kf1 Kc5 {Weighted Error Value: White=0.40/Black=0.12} 0-1